Statistiques concernant Grey's Anatomy - Personnages S1 à S19

Cliquez ici pour prendre le quiz!

Statistiques générales

  • Ce quiz a été pris 361 fois
  • Le résultat moyen est 6 sur 16

Statistiques - réponses

Réponse% Correct
Meredith Grey
99%
Derek Shepherd
72%
Lexie Grey
71%
Amelia Shepherd
69%
Arizona Robbins
63%
Miranda Bailey
63%
Bailey Grey
33%
Ellis Grey
29%
Levi Schmitt
20%
Taryn Helm
18%
Nancy Shepherd
15%
Susan Grey
15%
Liz Shepherd
14%
Nick Marsh
11%
Molly Grey
9%
Kay Bartley
1%

Distribution des résultats

Percentile par nombre de réponses

% des personnes avec chaque résultat

Votre développement - résultats

Vous n’avez pas pris ce quiz